000 01744nam a2200409 4500
001 000
005 20150416110451.0
007 000
008 000
010 _a 91043278
020 _a1559631694 (alk. paper)
020 _a1559631686 (pbk.)
040 _aUOEL
_cDLC
_dDLC
043 _aw------
050 0 0 _aSD387.S87
_bS86 1992
082 0 0 _a338.1/74987/0913
_220
245 0 0 _aSustainable harvest and marketing of rain forest products /
_cedited by Mark Plotkin and Lisa Famolare.
260 _aWashington, D.C. :
_bIsland Press,
_cc1992.
300 _axv, 325 p. :
_bill. ;
_c24 cm.
500 _aProceedings of a meeting sponsored by Conservation International and the Asociación Nacional para la Conservación de la Naturaleza, held in Panama City on June 20-21, 1991.
504 _aIncludes bibliographical references and index.
650 0 _aSustainable forestry
_zTropics
_xCongresses.
650 0 _aRain forests
_xEconomic aspects
_xCongresses.
650 0 _aForest products
_zTropics
_xCongresses.
650 0 _aForest products
_xMarketing
_xCongresses.
650 0 _aEthnobotany
_zTropics
_xCongresses.
650 0 _aBotany, Medical
_zTropics
_xCongresses.
650 0 _aPalms
_xEconomic aspects
_xCongresses.
700 1 _aPlotkin, Mark J.
700 1 _aFamolare, Lisa.
710 2 _aConservation International.
710 2 _aAsociación Nacional para la Conservación de la Naturaleza.
856 4 2 _3Publisher description
_uhttp://www.loc.gov/catdir/enhancements/fy0666/91043278-d.html
906 _a7
_bcbc
_corignew
_d1
_eocip
_f19
_gy-gencatlg
942 _2lcc
_cLL
999 _c5261
_d5261